<?xml version="1.0" encoding="UTF-8"?>
<collection xmlns="http://www.loc.gov/MARC21/slim">
 <record>
  <leader>00491pamaa2200169   4500</leader>
  <controlfield tag="001">0000033415</controlfield>
  <controlfield tag="005">20060615090000.0</controlfield>
  <datafield tag="020" ind1="0" ind2="0">
   <subfield code="a">0091739594 </subfield>
  </datafield>
  <datafield tag="082" ind1=" " ind2=" ">
   <subfield code="a">658.450941 REG</subfield>
  </datafield>
  <datafield tag="090" ind1="0" ind2="0">
   <subfield code="a">HF5718 </subfield>
   <subfield code="b">REG 1988</subfield>
  </datafield>
  <datafield tag="100" ind1="1" ind2="0">
   <subfield code="a">REGESTER </subfield>
  </datafield>
  <datafield tag="245" ind1="1" ind2="0">
   <subfield code="a">Investor relations  </subfield>
   <subfield code="c">Michael Regester and Neil Ryder.</subfield>
  </datafield>
  <datafield tag="260" ind1="0" ind2="0">
   <subfield code="a">London: </subfield>
   <subfield code="b">Hutchinson Business, </subfield>
   <subfield code="c">1988.</subfield>
  </datafield>
  <datafield tag="300" ind1=" " ind2=" ">
   <subfield code="a">x, 195p.; </subfield>
   <subfield code="c">24cm.</subfield>
  </datafield>
  <datafield tag="650" ind1="0" ind2="0">
   <subfield code="a">Great Britain -- </subfield>
   <subfield code="x">Public companies </subfield>
  </datafield>
  <datafield tag="650" ind1="0" ind2="0">
   <subfield code="a">Communications with shareholders </subfield>
  </datafield>
  <datafield tag="700" ind1="1" ind2="1">
   <subfield code="a">Ryder, </subfield>
   <subfield code="h">Neil </subfield>
  </datafield>
 </record>
</collection>
